| 000 | 00645cam a2200217 a 4500 | ||
|---|---|---|---|
| 001 | 6898 | ||
| 003 | BD-RjUL | ||
| 005 | 20211208234333.0 | ||
| 008 | 810424s1923 ctua 000 0 eng d | ||
| 035 | _a(BD-RjUL) | ||
| 040 |
_aANL _beng _cANL |
||
| 041 | _aeng | ||
| 082 | 0 | 4 |
_a515.35 _bHAL 1952 |
| 100 | 1 |
_aHadamard, Jacques, _d1865-1963. _921651 |
|
| 245 | 1 | 0 |
_aLectures on Cauchy's problem in linear partial differential equations / _cJacques S. Hadamard. |
| 260 |
_aNew Haven, _c1952 |
||
| 300 |
_a316 p. : _c22cm |
||
| 650 | 0 |
_aDifferential equations, Partial. _921652 |
|
| 650 | 0 |
_aDifferential equations, Linear. _919816 |
|
| 942 |
_2ddc _cBK |
||
| 999 |
_c6898 _d6898 |
||